[Event "Russian Team Championship"]
[Site "Sochi RUS"]
[Date "2012.04.13"]
[Round "5"]
[White "Daniil Dubov"]
[Black "Sergey Ionov"]
[Result "1-0"]
[EventDate "2012.04.09"]
[WhiteElo "2536"]
[BlackElo "2549"]
[PlyCount "91"]

1. d4 Nf6 2. c4 e6 3. Nc3 Bb4 4. e3 O-O 5. Ne2 d5 6. a3 Be7 7. cxd5 Nxd5 8. g3 Nxc3 9. Nxc3 c5 10. Bg2 cxd4 11. exd4 Bf6 12. Be3 Nc6 13. Ne2 Ne7 14. O-O Nd5 15. Nc3 Nxe3 16. fxe3 Rb8 17. Qd3 b6 18. Rad1 Bb7 19. e4 Be7 20. e5 Bxg2 21. Kxg2 Qc7 22. Rfe1 Rbc8 23. d5 Bxa3 24. Nb5 Qc2+ 25. Re2 Qxd3 26. Rxd3 Bc5 27. d6 a5 28. Na7 Ra8 29. Nc6 Rfc8 30. Ne7+ Kf8 31. Nxc8 Rxc8 32. Rc2 Ra8 33. Kf3 Ke8 34. Ke4 Kd7 35. Rc1 f5+ 36. exf6 gxf6 37. Rf1 f5+ 38. Ke5 Rc8 39. g4 Rc6 40. g5 Bxd6+ 41. Kf6 Ke8 42. h4 Be7+ 43. Kg7 Rc7 44. Rc3 Bc5+ 45. Kg8 Re7 46. Rd3 1-0

[Event "Final Moscow Championship"]
[Site "Moscow/Russia"]
[Date "2012.03.13"]
[Round "4"]
[White "Daniil Dubov"]
[Black "Ivan Popov"]
[Result "1-0"]
[EventDate "2012.??.??"]
[WhiteElo "2536"]
[BlackElo "2605"]
[PlyCount "107"]

1. d4 d5 2. c4 c6 3. Nf3 Nf6 4. Nc3 a6 5. e3 b5 6. c5 Nbd7 7. Bd2 a5 8. Bd3 g6 9. O-O Bg7 10. a3 O-O 11. b4 e5 12. Ne1 Ne8 13. Nc2 a4 14. Be1 Nc7 15. f3 Ne6 16. Bf2 f5 17. Kh1 e4 18. fxe4 dxe4 19. Be2 Nf6 20. d5 Nxd5 21. Nxd5 cxd5 22. Bxb5 Bxa1 23. Qxa1 Bd7 24. Be2 f4 25. Rd1 Qg5 26. Qc3 f3 27. gxf3 exf3 28. Bf1 Qf5 29. e4 Qxe4 30. Re1 Qg4 31. c6 Rac8 32. b5 Be8 33. Ne3 Qh5 34. Nxd5 Qxd5 35. Bc4 Qg5 36. Bxe6+ Bf7 37. Rg1 Qxb5 38. Qf6 $1 Qd3 39. Bd4 Qxd4 40. Bxf7+ Rxf7 41. Qxd4 Rxc6 42. Qxa4 Rcf6 43. Qe8+ Rf8 44. Qe4 f2 45. Rf1 Rf4 46. Qe6+ Kg7 47. Kg2 h5 48. h3 g5 49. a4 R8f6 50. Qe5 Kg6 51. a5 R4f5 52. Qe4 Kh6 53. Qb4 Kg6 54. Qd2 1-0

[Event "Moscow Open 2012 A"]
[Site "Moscow RUS"]
[Date "2012.02.01"]
[Round "5.7"]
[White "Daniil Dubov"]
[Black "Xiangzhi Bu"]
[Result "1/2-1/2"]
[EventDate "?"]
[WhiteElo "2498"]
[BlackElo "2670"]
[PlyCount "68"]

1. d4 Nf6 2. c4 e6 3. Nc3 Bb4 4. e3 O-O 5. Ne2 d5 6. a3 Bd6 7. c5 Be7 8. b4 b6 9. Bb2 c6 10. Nf4 Nbd7 11. Nd3 a5 12. Be2 Ba6 13. O-O Qc7 14. Qc2 axb4 15. axb4 Bc4 16. Rxa8 Rxa8 17. Nc1 Bxe2 18. N3xe2 bxc5 19. bxc5 e5 20. dxe5 Ng4 21. Nd3 Ngxe5 22. Nxe5 Nxe5 23. Bxe5 Qxe5 24. Nd4 Qc7 25. g3 Ra5 26. Rc1 g6 27. Qc3 Rxc5 28. Qxc5 Bxc5 29. Rxc5 Qb6 30. Rxc6 Qb1+ 31. Kg2 Qe4+ 32. Kg1 Qb1+ 33. Kg2 Qe4+ 34. Kg1 Qb1+ 1/2-1/2

[Event "4th Karen Asrian Memorial"]
[Site "Jermuk ARM"]
[Date "2011.06.24"]
[Round "9"]
[White "Daniil Dubov"]
[Black "Nikita Matinian"]
[Result "1-0"]
[EventDate "?"]
[WhiteElo "2505"]
[BlackElo "2383"]
[PlyCount "72"]

1. Nf3 Nf6 2. c4 g6 3. g3 Bg7 4. Bg2 O-O 5. O-O d6 6. d4 Nc6 7. Nc3 Bf5 8. d5 Na5 9. Nd4 Bd7 10. Qd3 c5 11. Nb3 Nxb3 12. axb3 Qb6 13. Qc2 e6 14. dxe6 fxe6 15. Bg5 Bc6 16. Bh3 Rfe8 17. Rad1 Rad8 18. Rd3 h6 19. Bxf6 Bxf6 20. Rfd1 Qc7 21. Bg2 Bxg2 22. Kxg2 Qc6+ 23. Kg1 Kg7 24. h4 Rf8 25. Qd2 Bd4 26. Rxd4 cxd4 27. Qxd4+ Kh7 28. Ne4 e5 29. Qd3 Qb6 30. h5 Kg7 31. hxg6 Qb4 32. Qc2 Qb6 33. Rd5 Qc6 34. Qd3 Qe8 35. Nxd6 Qxg6 36. Nf5+ 1-0

[Event "4th Karen Asrian Memorial"]
[Site "Jermuk ARM"]
[Date "2011.06.21"]
[Round "6"]
[White "Aram Pluzyan"]
[Black "Daniil Dubov"]
[Result "0-1"]
[EventDate "?"]
[WhiteElo "2119"]
[BlackElo "2505"]
[PlyCount "70"]

1. e4 c5 2. Nf3 d6 3. d4 cxd4 4. Nxd4 Nf6 5. Nc3 Nc6 6. Bg5 Bd7 7. Qd2 Rc8 8. Be2 Qb6 9. Nb3 e6 10. Be3 Qc7 11. f3 Be7 12. Nb5 Qb8 13. Bf4 Ne5 14. O-O-O Rc6 15. g4 O-O 16. g5 Nh5 17. Be3 Rfc8 18. N5d4 R6c7 19. f4 Nc4 20. Bxc4 Rxc4 21. Kb1 Qc7 22. Qe2 g6 23. c3 e5 24. fxe5 dxe5 25. Nf5 gxf5 26. Qxh5 Rxe4 27. Nc5 Bxc5 28. Bxc5 Be6 29. Ba3 Qc4 30. b3 Qxc3 31. Rc1 Qd3+ 32. Ka1 Qd4+ 33. Bb2 Rxc1+ 34. Rxc1 Qd2 35. Ba3 Re2 0-1

[Event "4th Karen Asrian Memorial"]
[Site "Jermuk ARM"]
[Date "2011.06.20"]
[Round "5"]
[White "Daniil Dubov"]
[Black "Pouya Idani"]
[Result "1/2-1/2"]
[EventDate "?"]
[WhiteElo "2505"]
[BlackElo "2372"]
[PlyCount "64"]

1. d4 Nf6 2. c4 e6 3. Nc3 Bb4 4. Qc2 O-O 5. a3 Bxc3+ 6. Qxc3 b6 7. Bg5 Ba6 8. Rc1 d6 9. e3 Nbd7 10. Nf3 c5 11. Bd3 Rc8 12. d5 h6 13. Bh4 Bb7 14. Rd1 Qe8 15. dxe6 Qxe6 16. Bg3 Rfe8 17. Bxd6 Ng4 18. Be2 Nxf2 19. Kxf2 Nf6 20. Nd2 Qxd6 21. Bf3 Bxf3 22. gxf3 Rcd8 23. Ke2 Qe6 24. Rdg1 Qf5 25. Nf1 Nh5 26. Rg4 g6 27. Ng3 Nxg3+ 28. hxg3 h5 29. Rf4 Qg5 30. Qf6 Qxf6 31. Rxf6 Rd7 32. Re1 Red8 1/2-1/2

[Event "4th Karen Asrian Memorial"]
[Site "Jermuk ARM"]
[Date "2011.06.19"]
[Round "4"]
[White "Shota Azaladze"]
[Black "Daniil Dubov"]
[Result "1/2-1/2"]
[EventDate "?"]
[WhiteElo "2423"]
[BlackElo "2505"]
[PlyCount "46"]

1. e4 c5 2. Nf3 d6 3. g3 Nc6 4. Bg2 Nf6 5. d3 g6 6. O-O Bg7 7. Ne1 d5 8. Nc3 Bg4 9. Qd2 dxe4 10. dxe4 Qa5 11. Nd3 c4 12. Nf4 O-O 13. Ncd5 Qxd2 14. Bxd2 Nxd5 15. exd5 Nd4 16. c3 Nf3+ 17. Bxf3 Bxf3 18. Rfe1 Rad8 19. Rxe7 a5 20. Ne2 Bf6 21. Re3 Bxd5 22. Nd4 Bc6 23. Re2 Bxd4 1/2-1/2

[Event "4th Karen Asrian Memorial"]
[Site "Jermuk ARM"]
[Date "2011.06.18"]
[Round "3"]
[White "Daniil Dubov"]
[Black "Hovhannes Gabuzyan"]
[Result "1/2-1/2"]
[EventDate "?"]
[WhiteElo "2505"]
[BlackElo "2394"]
[PlyCount "84"]

1. d4 Nf6 2. c4 c5 3. d5 e6 4. Nc3 exd5 5. cxd5 d6 6. Nf3 g6 7. Bf4 a6 8. a4 Bg7 9. h3 O-O 10. e3 Re8 11. Nd2 Nbd7 12. Be2 Ne5 13. O-O Nfd7 14. e4 c4 15. Qc2 Qc7 16. Rac1 Nc5 17. Bxc4 Bd7 18. Qb1 Qd8 19. Be2 Qf6 20. Bg3 Qg5 21. Qc2 Bh6 22. Rcd1 b5 23. axb5 axb5 24. Nxb5 Bxb5 25. Bxb5 Reb8 26. Bc6 Ra2 27. Nc4 Nxc4 28. Qxc4 Rbxb2 29. e5 Rc2 30. Qh4 Qxh4 31. Bxh4 Bf4 32. e6 Nxe6 33. dxe6 Rxc6 34. e7 Ra8 35. Rfe1 Re8 36. Bf6 Rcc8 37. g4 h6 38. h4 g5 39. h5 Rc5 40. Rd4 Kh7 41. Kg2 Be5 42. Rxe5 Rxe5 1/2-1/2

[Event "4th Karen Asrian Memorial"]
[Site "Jermuk ARM"]
[Date "2011.06.17"]
[Round "2"]
[White "Tatev Abrahamyan"]
[Black "Daniil Dubov"]
[Result "0-1"]
[EventDate "?"]
[WhiteElo "2335"]
[BlackElo "2505"]
[PlyCount "68"]

1. e4 c5 2. Nf3 d6 3. d4 cxd4 4. Nxd4 Nf6 5. Nc3 Nc6 6. f3 e5 7. Nb3 Be7 8. Be3 O-O 9. Qd2 a5 10. Bb5 Be6 11. Rd1 Na7 12. Bd3 Nc6 13. a3 a4 14. Nc1 Na5 15. O-O d5 16. exd5 Nxd5 17. Nxd5 Qxd5 18. Bxh7+ Kxh7 19. Qxd5 Bxd5 20. Rxd5 Nc4 21. Bf2 Nxb2 22. Rxe5 Bxa3 23. Na2 Rfd8 24. Re2 Rac8 25. c3 b5 26. Bd4 Nd3 27. Re4 Rc4 28. Rb1 b4 29. Re3 bxc3 30. Rxd3 Rcxd4 31. Rxd4 Rxd4 32. Nxc3 Rc4 33. Ne2 Rc2 34. Kf1 Bb2 0-1

[Event "4th Karen Asrian Memorial"]
[Site "Jermuk ARM"]
[Date "2011.06.16"]
[Round "1"]
[White "Daniil Dubov"]
[Black "Arnold Minasyan"]
[Result "1-0"]
[EventDate "?"]
[WhiteElo "2505"]
[BlackElo "2189"]
[PlyCount "102"]

1. d4 c5 2. d5 e5 3. e4 d6 4. c4 Be7 5. Nf3 Bg4 6. Nbd2 Bg5 7. Qa4+ Nd7 8. Nxg5 Qxg5 9. Bd3 Qe7 10. f3 Bh5 11. Nf1 Bg6 12. Be3 h6 13. Bf2 Nf6 14. Ne3 Nh5 15. Qc2 Nf4 16. Bf1 Bh7 17. g3 Nh5 18. Bd3 O-O 19. h4 a6 20. a4 a5 21. O-O-O Nb8 22. Qd2 Na6 23. b3 Nb4 24. Bb1 Kh8 25. Rdf1 Rae8 26. Re1 g6 27. Nf1 f5 28. exf5 gxf5 29. Qxh6 Ng7 30. Qd2 Qf6 31. h5 Rc8 32. h6 Ne8 33. Qb2 f4 34. Nd2 fxg3 35. Bxg3 Bxb1 36. Qxb1 b5 37. axb5 a4 38. bxa4 Ra8 39. Qb3 e4 40. Nxe4 Qa1+ 41. Kd2 Qd4+ 42. Ke2 Nf6 43. Rd1 Nxe4 44. Rxd4 Nxg3+ 45. Kd2 cxd4 46. Rg1 Ne4+ 47. fxe4 Rf2+ 48. Ke1 Rb2 49. Qg3 Nc2+ 50. Kd1 Ne3+ 51. Kc1 1-0

[Event "European Championship"]
[Site "Aix-les-Bains FRA"]
[Date "2011.03.27"]
[Round "6"]
[White "Alexander Khalifman"]
[Black "Daniil Dubov"]
[Result "1/2-1/2"]
[EventDate "2011.03.22"]
[WhiteElo "2637"]
[BlackElo "2489"]
[Source "FIDE"]
[PlyCount "99"]

1. e4 c5 2. Nf3 d6 3. d4 cxd4 4. Nxd4 Nf6 5. Nc3 Nc6 6. Bg5 e6 7. Qd2 a6 8. O-O-O Bd7 9. f4 b5 10. Bxf6 gxf6 11. Kb1 Qb6 12. Nxc6 Bxc6 13. f5 b4 14. Ne2 e5 15. Ng3 h5 16. h4 Qc5 17. Bd3 Bh6 18. Qe2 Ke7 19. Nxh5 Qe3 20. Qf1 Bxe4 21. Rh3 Bxd3 22. Rxd3 Qc1+ 23. Qxc1 Bxc1 24. g4 Bh6 25. a3 Rag8 26. Nxf6 Kxf6 27. Rxd6+ Kg7 28. g5 Bxg5 29. Rg3 Rxh4 30. Rxg5+ Kh7 31. Rxg8 Kxg8 32. axb4 Rxb4 33. Rxa6 Rf4 34. f6 Kh7 35. c3 Kg6 36. b4 Rf2 37. b5 e4 38. Ra8 e3 39. Re8 Rf5 40. c4 Rf4 41. Kb2 Rxc4 42. Kb3 Rc1 43. Rxe3 Kxf6 44. Kb4 Kg5 45. b6 Rc8 46. b7 Rb8 47. Re7 f5 48. Kc5 f4 49. Kd4 f3 50. Ke3 1/2-1/2

[Event "Moscow Teams"]
[Site "Moscow RUS"]
[Date "2010.12.19"]
[Round "7"]
[White "Vasilij Vladimirovich Gagarin"]
[Black "Daniil Dubov"]
[Result "1/2-1/2"]
[EventDate "2010.11.20"]
[WhiteElo "2435"]
[BlackElo "2456"]
[PlyCount "59"]

1. d4 d5 2. c4 c6 3. Nf3 Nf6 4. Nc3 e6 5. Bg5 h6 6. Bxf6 Qxf6 7. e3 Nd7 8. Bd3 dxc4 9. Bxc4 Bd6 10. O-O O-O 11. Ne4 Qe7 12. Nxd6 Qxd6 13. a3 b6 14. Qe2 a5 15. Rfd1 Bb7 16. Rac1 Rfd8 17. Bd3 Rac8 18. h3 Qb8 19. Be4 Nf6 20. Bd3 Nd7 21. Ba6 Qa8 22. Bxb7 Qxb7 23. Rd2 Rc7 24. Rdc2 Rdc8 25. b4 axb4 26. axb4 c5 27. dxc5 bxc5 28. bxc5 Rxc5 29. Rxc5 Rxc5 30. Rxc5 1/2-1/2

[Event "Moscow Teams"]
[Site "Moscow RUS"]
[Date "2010.12.12"]
[Round "4"]
[White "Daniil Dubov"]
[Black "Alexander Krapivin"]
[Result "1-0"]
[EventDate "2010.11.20"]
[WhiteElo "2456"]
[BlackElo "2478"]
[PlyCount "95"]

1. d4 d5 2. c4 e6 3. Nc3 Nf6 4. cxd5 exd5 5. Bg5 Be7 6. e3 O-O 7. Bd3 c6 8. Qc2 h6 9. Bh4 Re8 10. Nge2 Nbd7 11. f3 Qa5 12. Bf2 c5 13. O-O c4 14. Bf5 b5 15. a3 Nf8 16. Bxc8 Raxc8 17. h3 Qb6 18. e4 Qb7 19. e5 N6h7 20. f4 a5 21. a4 b4 22. Nb5 Nd7 23. f5 Nb6 24. f6 gxf6 25. Ng3 fxe5 26. Nf5 Rc6 27. dxe5 Nc8 28. Qd2 Bf8 29. Qxd5 Rb6 30. Qxc4 Rg6 31. Nh4 Rg7 32. Rae1 Be7 33. Nd6 Bxd6 34. exd6 Nxd6 35. Qf4 Qc6 36. Rc1 Qa6 37. Qxh6 Ng5 38. Kh2 Re6 39. Qh5 Nge4 40. Qd5 Rg5 41. Qd4 Qe2 42. Be3 Rg7 43. Rce1 Qh5 44. Rf4 Re5 45. Qd1 Qxd1 46. Rxd1 Nc3 47. bxc3 Rxe3 48. Rxd6 1-0

[Event "Moscow Teams"]
[Site "Moscow RUS"]
[Date "2010.12.11"]
[Round "3"]
[White "Daniil Dubov"]
[Black "Grigoriy Morozov"]
[Result "1-0"]
[EventDate "2010.11.20"]
[WhiteElo "2456"]
[BlackElo "2327"]
[PlyCount "63"]

1. d4 d5 2. c4 e6 3. Nc3 c6 4. e4 dxe4 5. Nxe4 Bb4+ 6. Bd2 Qxd4 7. Bxb4 Qxe4+ 8. Be2 Na6 9. Ba5 b6 10. Qd6 Bd7 11. Bc3 f6 12. Nf3 Ne7 13. O-O-O Qxe2 14. Qxd7+ Kf7 15. Rhe1 Qxc4 16. Re3 Rhd8 17. Ne5+ fxe5 18. Rf3+ Qf4+ 19. Rxf4+ exf4 20. Qxd8 Rxd8 21. Rxd8 Nc7 22. Rd7 Nd5 23. Rxa7 g5 24. Kc2 Kg6 25. a4 g4 26. b4 h5 27. a5 bxa5 28. bxa5 h4 29. a6 g3 30. fxg3 Nxc3 31. Rxe7 h3 32. gxh3 1-0

[Event "Moscow Teams"]
[Site "Moscow RUS"]
[Date "2010.11.24"]
[Round "2"]
[White "Boris Grachev"]
[Black "Daniil Dubov"]
[Result "1-0"]
[EventDate "2010.11.20"]
[WhiteElo "2654"]
[BlackElo "2456"]
[PlyCount "125"]

1. d4 Nf6 2. Nf3 c5 3. d5 e6 4. c4 exd5 5. cxd5 d6 6. Nc3 g6 7. h3 Bg7 8. e4 O-O 9. Bd3 Nh5 10. O-O Nd7 11. Bg5 Bf6 12. Be3 Ne5 13. Be2 Nxf3+ 14. Bxf3 Ng7 15. Qd2 Bd7 16. a4 a6 17. Be2 Re8 18. Rfb1 Qa5 19. Qc2 Rac8 20. Bd2 Qd8 21. Be3 Bd4 22. Qd2 Qf6 23. a5 Bxe3 24. Qxe3 Qd4 25. Qg3 Re5 26. Rd1 Qb4 27. f4 Ree8 28. Rd2 Rxe4 29. Nxe4 Qxe4 30. Bg4 Bxg4 31. hxg4 Re8 32. Rf1 h5 33. gxh5 Nxh5 34. Qf3 Qb4 35. Qc3 Re4 36. Rdf2 Qxc3 37. bxc3 Ng3 38. Rb1 Ne2+ 39. Kh2 Nxc3 40. Rxb7 Nxd5 41. Rd2 Nb4 42. f5 d5 43. fxg6 fxg6 44. Rc7 d4 45. Rxc5 d3 46. Rc7 Rd4 47. Kg3 Nd5 48. Rd7 Kf8 49. Kf2 Ke8 50. Rd6 Rf4+ 51. Kg3 Rd4 52. Rxa6 Kd7 53. Rxg6 Ne3 54. Kf3 Nc4 55. Rd1 Nb2 56. Rd2 Nc4 57. Rd1 Nb2 58. Ke3 Rd5 59. Rh1 Ke7 60. Rh7+ Kf8 61. Rc6 Re5+ 62. Kf4 Kg8 63. Rb7 1-0

[Event "Moscow Teams"]
[Site "Moscow RUS"]
[Date "2010.11.20"]
[Round "1"]
[White "Daniil Dubov"]
[Black "Mikhail Krylov"]
[Result "1/2-1/2"]
[EventDate "2010.11.20"]
[WhiteElo "2456"]
[BlackElo "2516"]
[PlyCount "77"]

1. d4 g6 2. c4 Bg7 3. Nf3 c5 4. e4 cxd4 5. Nxd4 Nc6 6. Be3 d6 7. Nc3 Nf6 8. Be2 O-O 9. O-O Nd7 10. Qd2 Nxd4 11. Bxd4 Bxd4 12. Qxd4 Qb6 13. Qd2 Nf6 14. Nd5 Nxd5 15. exd5 e5 16. dxe6 Bxe6 17. b3 a5 18. Rab1 Qc5 19. Bf3 Rab8 20. a4 Rfd8 21. Rfd1 Rd7 22. Rbc1 Re8 23. h4 Bf5 24. Qc3 Re5 25. Rd5 Qc7 26. Rcd1 b6 27. h5 Be6 28. R5d4 gxh5 29. Qd2 Kg7 30. Qf4 Qc5 31. Bd5 h6 32. R1d3 Bf5 33. Rg3+ Bg6 34. Rdd3 h4 35. Qxh4 Rde7 36. Rdf3 Qa3 37. Rxg6+ fxg6 38. Qf6+ Kh7 39. Bg8+ 1/2-1/2

[Event "Chigorin Memorial Classic Open"]
[Site "St. Petersburg RUS"]
[Date "2010.11.05"]
[Round "9"]
[White "Valerij Sergeyevich Popov"]
[Black "Daniil Dubov"]
[Result "1-0"]
[EventDate "2010.10.28"]
[WhiteElo "2559"]
[BlackElo "2456"]
[PlyCount "77"]

1. c4 Nf6 2. Nc3 c5 3. g3 e6 4. Nf3 b6 5. Bg2 Bb7 6. O-O Be7 7. Re1 O-O 8. e4 Nc6 9. d4 cxd4 10. Nxd4 Nxd4 11. Qxd4 d6 12. b3 Qc7 13. Ba3 Rad8 14. Rad1 Rd7 15. Rd2 Rfd8 16. Red1 Qb8 17. Qe3 Bf8 18. Bb4 Bc6 19. Qe2 Qb7 20. h4 Ne8 21. a4 a6 22. Kh2 Qa8 23. f4 Nc7 24. e5 Bxg2 25. Qxg2 Qxg2+ 26. Kxg2 d5 27. Bxf8 Kxf8 28. cxd5 Nxd5 29. Nxd5 Rxd5 30. Rxd5 exd5 31. Rc1 d4 32. Kf3 d3 33. Rd1 Ke7 34. Rd2 f6 35. exf6+ Kxf6 36. Ke4 Re8+ 37. Kf3 Rd8 38. h5 Rd7 39. g4 1-0

[Event "Chigorin Memorial Classic Open"]
[Site "St. Petersburg RUS"]
[Date "2010.11.04"]
[Round "8"]
[White "Daniil Dubov"]
[Black "Vladimir Viktorovich Epishin"]
[Result "1/2-1/2"]
[EventDate "2010.10.28"]
[WhiteElo "2456"]
[BlackElo "2594"]
[PlyCount "35"]

1. Nf3 Nf6 2. c4 e6 3. d4 b6 4. Nc3 Bb4 5. Bg5 Bb7 6. Nd2 h6 7. Bh4 Nc6 8. e3 Ne7 9. Bxf6 gxf6 10. Qb3 a5 11. a3 Bxc3 12. Qxc3 Rg8 13. O-O-O d5 14. c5 Ba6 15. cxb6 cxb6 16. Bxa6 Rxa6 17. g3 Qc8 18. Qxc8+ 1/2-1/2

[Event "Chigorin Memorial Classic Open"]
[Site "St. Petersburg RUS"]
[Date "2010.11.02"]
[Round "6"]
[White "Daniil Dubov"]
[Black "Vladislav Kovalev"]
[Result "1/2-1/2"]
[EventDate "2010.10.28"]
[WhiteElo "2456"]
[BlackElo "2328"]
[PlyCount "31"]

1. d4 Nf6 2. c4 d6 3. Nf3 g6 4. Nc3 Bg7 5. e4 O-O 6. Be2 e5 7. O-O Qe8 8. dxe5 dxe5 9. b3 Nfd7 10. Ba3 c5 11. Qd6 Na6 12. Nd5 f6 13. Ne7+ Kf7 14. Nxc8 Qxc8 15. Nh4 Qc6 16. Qxc6 1/2-1/2

[Event "Chigorin Mem Classic Open"]
[Site "St. Petersburg RUS"]
[Date "2010.10.31"]
[Round "4"]
[White "Daniil Dubov"]
[Black "Elizaveta Bronnikova"]
[Result "1-0"]
[EventDate "2010.10.28"]
[WhiteElo "2456"]
[BlackElo "2270"]
[PlyCount "51"]

1. Nf3 Nf6 2. c4 c5 3. g3 g6 4. Bg2 Bg7 5. O-O O-O 6. Nc3 Nc6 7. d4 cxd4 8. Nxd4 a6 9. c5 Nxd4 10. Qxd4 d6 11. cxd6 Ne8 12. Qb4 Qxd6 13. Qb3 Rb8 14. Bf4 e5 15. Be3 Be6 16. Qa4 Nf6 17. Rfd1 Qe7 18. Qa5 Rfc8 19. Rac1 Bf5 20. Bb6 e4 21. e3 Rc6 22. Ne2 Nd7 23. Rxc6 bxc6 24. Bd4 Ne5 25. Bc5 Qb7 26. Rd8+ 1-0

[Event "Chigorin Mem Classic Open"]
[Site "St. Petersburg RUS"]
[Date "2010.10.30"]
[Round "3"]
[White "Vadim Zvjaginsev"]
[Black "Daniil Dubov"]
[Result "1-0"]
[EventDate "2010.10.28"]
[WhiteElo "2664"]
[BlackElo "2456"]
[PlyCount "117"]

1. e4 c5 2. Nf3 d6 3. d4 cxd4 4. Qxd4 Nc6 5. Bb5 Bd7 6. Qd3 Nb4 7. Bxd7+ Qxd7 8. Qb3 Nc6 9. O-O g6 10. Rd1 Bg7 11. Nc3 Rc8 12. Nd5 Nf6 13. Nxf6+ Bxf6 14. Bh6 Na5 15. Qe3 Nc4 16. Qxa7 Bxb2 17. Rab1 b5 18. Qa6 Qc6 19. Qxc6+ Rxc6 20. Rd5 b4 21. Rb5 Kd7 22. Rxb4 Rhc8 23. R4xb2 Nxb2 24. Rxb2 Rxc2 25. Rb1 Rxa2 26. g3 f6 27. Be3 Ra4 28. Nd2 Rc7 29. Kg2 Rc8 30. h3 Rc7 31. g4 Ra2 32. Kf3 Rac2 33. Ra1 Rb7 34. Ra5 Rbb2 35. Nf1 Ra2 36. Rd5 Ra3 37. Rb5 Raa2 38. g5 fxg5 39. Rxg5 Ke6 40. h4 Kf7 41. h5 e5 42. Rg2 Ra5 43. Ng3 d5 44. exd5 Rxd5 45. h6 Rd1 46. Rh2 Ke6 47. Rh4 Rc7 48. Ra4 Rd6 49. Ne4 Rdc6 50. Ra5 Rc4 51. Ra6+ R4c6 52. Ra8 Rc8 53. Ra5 R8c7 54. Kg4 Rc4 55. f3 Rc2 56. Ra6+ Kf7 57. Ng5+ Kg8 58. Re6 Rc8 59. Rxe5 1-0

[Event "Chigorin Mem Classic Open"]
[Site "St. Petersburg RUS"]
[Date "2010.10.29"]
[Round "2"]
[White "Daniil Dubov"]
[Black "Artyom Abramichev"]
[Result "1-0"]
[EventDate "2010.10.28"]
[WhiteElo "2456"]
[BlackElo "2072"]
[PlyCount "73"]

1. Nf3 Nf6 2. c4 d6 3. d4 g6 4. Nc3 Bg7 5. e4 O-O 6. Be2 e5 7. O-O Nc6 8. d5 Ne7 9. b4 Nd7 10. Ba3 a5 11. bxa5 Rxa5 12. Bb4 Ra8 13. Ne1 f5 14. Nd3 Nf6 15. f3 c5 16. dxc6 bxc6 17. a4 Be6 18. Nf2 c5 19. Ba3 Nc6 20. Nb5 Nd4 21. Bd3 Ra6 22. exf5 gxf5 23. Re1 Re8 24. Nxd4 exd4 25. Qc2 Bd7 26. Bxf5 Bxa4 27. Qd2 Bd7 28. Bxd7 Nxd7 29. Ne4 Ne5 30. f4 Nxc4 31. Qd3 d5 32. Ng5 Rg6 33. Bxc5 Re3 34. Qf5 Rxe1+ 35. Rxe1 Ne3 36. Qf7+ Kh8 37. Qxg6 1-0

[Event "Chigorin Mem Classic Open"]
[Site "St. Petersburg RUS"]
[Date "2010.10.28"]
[Round "1"]
[White "Andrey Ljubivyi"]
[Black "Daniil Dubov"]
[Result "1/2-1/2"]
[EventDate "2010.10.28"]
[WhiteElo "2083"]
[BlackElo "2456"]
[PlyCount "80"]

1. d4 d5 2. Nf3 c6 3. c4 e6 4. e3 Bd6 5. b3 f5 6. Bd3 Nf6 7. O-O Qe7 8. Bb2 O-O 9. Qc1 Ne4 10. Ba3 Nd7 11. Bxd6 Qxd6 12. Nbd2 b6 13. Qc2 Bb7 14. Rfd1 Rac8 15. Rac1 Qe7 16. Ne5 Nxe5 17. dxe5 c5 18. f3 Qg5 19. f4 Qe7 20. cxd5 exd5 21. Nf3 h6 22. Qe2 Ba8 23. Nd2 Kh8 24. Qh5 Kh7 25. Nxe4 fxe4 26. Be2 Rcd8 27. Bg4 g6 28. Qh3 d4 29. exd4 Rxd4 30. Qe3 Rfd8 31. Be2 R8d7 32. Rf1 Bd5 33. Bg4 Rd3 34. Qe2 Rd8 35. Rcd1 Bc6 36. e6 Qf6 37. Rxd3 Rxd3 38. f5 g5 39. Bh5 Rd6 40. Bg6+ Kg7 1/2-1/2

[Event "14th Master Open"]
[Site "Voronezh RUS"]
[Date "2010.06.21"]
[Round "9"]
[White "Daniil Dubov"]
[Black "Rinat Jumabayev"]
[Result "1-0"]
[EventDate "?"]
[WhiteElo "2416"]
[BlackElo "2557"]
[PlyCount "66"]

1. d4 Nf6 2. c4 e6 3. Nf3 d5 4. e3 c5 5. Nc3 Nc6 6. cxd5 exd5 7. dxc5 Bxc5 8. Be2 O-O 9. O-O a6 10. b3 Qd6 11. Bb2 Rd8 12. Rc1 Ba7 13. Rc2 Be6 14. Rd2 Qe7 15. h3 Rac8 16. Bd3 Bc5 17. Ne2 Nb4 18. Nf4 Ne4 19. Bxe4 dxe4 20. Nd4 Bd7 21. Qh5 Bxd4 22. Rxd4 Bb5 23. Rfd1 Nd3 24. Rxd8+ Rxd8 25. Nd5 Rxd5 26. Qxd5 Nxb2 27. Qxb7 Qe8 28. Rd4 h6 29. Rxe4 Qd8 30. Rd4 Qf6 31. Qc8+ Kh7 32. Qc2+ Nd3 33. a4 1-0

[Event "14th Master Open"]
[Site "Voronezh RUS"]
[Date "2010.06.13"]
[Round "2"]
[White "Daniil Dubov"]
[Black "Andrey Rychagov"]
[Result "1/2-1/2"]
[EventDate "?"]
[WhiteElo "2416"]
[BlackElo "2551"]
[PlyCount "82"]

1. d4 f5 2. c4 Nf6 3. g3 g6 4. Bg2 Bg7 5. Nf3 O-O 6. O-O d6 7. Nc3 Qe8 8. Nd5 Nxd5 9. cxd5 Nd7 10. Qb3 Nb6 11. Be3 e6 12. dxe6 Bxe6 13. Qc2 Bd5 14. h4 h6 15. Ne1 Qe7 16. Qc1 Kh7 17. Bf3 Rae8 18. Ng2 Bxf3 19. exf3 Nd5 20. Re1 Qf7 21. Qd2 Re7 22. Rac1 Rfe8 23. b3 Qf8 24. Kf1 Qf7 25. Qd3 a6 26. Bd2 Kg8 27. Kg1 h5 28. Kf1 Kf8 29. Ne3 Nxe3+ 30. fxe3 Qd5 31. Kf2 c5 32. Bc3 Bh6 33. Bd2 Bg7 34. Bc3 b5 35. Rcd1 Bh6 36. dxc5 Qxd3 37. Rxd3 dxc5 38. Bd2 c4 39. bxc4 bxc4 40. Rd6 Re6 41. Rd7 c3 1/2-1/2

[Event "Young Stars of the World"]
[Site "Kirishi RUS"]
[Date "2009.05.20"]
[Round "11"]
[White "Daniil Dubov"]
[Black "Daniel Naroditsky"]
[Result "1/2-1/2"]
[EventDate "2009.05.09"]
[WhiteElo "2372"]
[BlackElo "2335"]
[PlyCount "22"]

1. d4 d5 2. c4 c6 3. cxd5 cxd5 4. Nc3 Nc6 5. Nf3 Nf6 6. Bf4 Bf5 7. e3 e6 8. Bd3 Bxd3 9. Qxd3 Bd6 10. O-O O-O 11. Rac1 1/2-1/2

[Event "Young Stars of the World"]
[Site "Kirishi RUS"]
[Date "2009.05.19"]
[Round "10"]
[White "Alexander Ipatov"]
[Black "Daniil Dubov"]
[Result "1/2-1/2"]
[EventDate "2009.05.09"]
[WhiteElo "2486"]
[BlackElo "2372"]
[PlyCount "100"]

1. b3 Nf6 2. Bb2 g6 3. Bxf6 exf6 4. d4 f5 5. e3 Bg7 6. Ne2 O-O 7. g3 c5 8. c3 d6 9. Bg2 Nd7 10. O-O Nf6 11. Nd2 Qe7 12. Nf4 Rb8 13. Nd5 Nxd5 14. Bxd5 b6 15. Qf3 Be6 16. Nc4 Rfd8 17. Nd2 Bxd5 18. Qxd5 Qe6 19. Qf3 d5 20. Rfc1 Rbc8 21. Qd1 Rc6 22. Nf3 Rdc8 23. Ne1 c4 24. a4 g5 25. Nf3 h6 26. b4 R6c7 27. b5 Bf8 28. a5 Bd6 29. axb6 axb6 30. Ra6 Rb8 31. Qc2 Kg7 32. Rca1 Kf6 33. Ra7 Qe8 34. Rxc7 Bxc7 35. Qa4 Bd6 36. Qa7 Kg7 37. Qa4 Kf8 38. Qa7 Kg7 39. Qa4 f6 40. Qc2 Qd7 41. Ra6 Rb7 42. Qb1 Bb8 43. Ra8 h5 44. h4 f4 45. exf4 gxf4 46. Kg2 fxg3 47. fxg3 Qg4 48. Qe1 Kh7 49. Nh2 Qg6 50. Nf1 1/2-1/2